The spirit of islam / (Record no. 13300)
[ view plain ]
| 000 -LEADER | |
|---|---|
| fixed length control field | 00899nam a2200157 a 4500 |
| 020 ## - INTERNATIONAL STANDARD BOOK NUMBER | |
| ISBN | 9685640432 (hardcover) |
| 020 ## - INTERNATIONAL STANDARD BOOK NUMBER | |
| ISBN | 9789685640435 (hardcover) |
| 100 1# - MAIN ENTRY--AUTHOR NAME | |
| Personal name | Ali, Ameer. |
| 245 14 - TITLE STATEMENT | |
| Title | The spirit of islam / |
| 300 ## - PHYSICAL DESCRIPTION | |
| Number of Pages | 1 v. (unpaged) |
| 520 ## - SUMMARY, ETC. | |
| Summary, etc | Within a few centuries after the death of Mohammed (PBUH) in A. D. 632 the Islamic creed had spread across half the world and obtained a permanent and power hold over millions of people. In this book the author traces the origins and the history of this religion. He recognizes almost for the first time in a book in the English language, its extraordinary effects in uplifting humanity and its true place in the history of religions. |
| 856 40 - ELECTRONIC LOCATION AND ACCESS | |
| Uniform Resource Identifier | http://www.amazon.com/exec/obidos/ASIN/B00DT5LMFA/chopaconline-20 |
| Withdrawn status | Lost status | Home library | Current library | Date acquired | Cost, normal purchase price | Full call number | Accession Number | Koha item type |
|---|---|---|---|---|---|---|---|---|
| Central Library, QUEST, Nawabshah | Central Library, QUEST, Nawabshah | 23/04/2015 | 55.00 | 297.16AME | 9546 | Books |